000
00260nam a2200109Ia 4500
008
200302s9999 xx 000 0 und d
100
_a
Nicola Kearton
245
_a
Art & Cultural Difference
260
_b
Academy Group Ltd.
260
_c
1995
300
_a
96 P.,
999
_c
2442
_d
2442